000 00659nam a2200205 a 4500
005 20241012063707.0
008 030827s2001 mx r 000 0 spa d
020 _a9706905170
035 _aUPN01000128231
049 _aCG
050 4 _aHD7096 M6
_bL3.4
100 1 _aLaurell, Asa Cristina
_928961
245 1 0 _aMexicanos en defensa de la salud y la seguridad social :
_bcómo garantizar y ampliar tus conquistas históricas /
_cAsa Cristina Laurell.
260 _aMéxico :
_bPlaneta,
_cc2001.
300 _a118 p.
440 0 _aTemas de hoy
650 0 _aSalud pública
_zMéxico
_98367
650 4 _aSeguridad social
_zMéxico
_918394
905 _aLibro
999 _c100410
_d100410